000 00595nam a2200193Ia 4500
001 63989
008 191029n ii |||gr||||Z||||||465
020 _a9789383692002
082 _a632.3
100 _aDixon, GR,
_eAuthor.
245 0 _aPlant pathogens and their control in horticulture
_cby GR Dixon
_hTextual Documents
250 _a1st ed.
260 _aDelhi
_bUnited Book Prints
_c2014 Reprint
300 _ax, 253p:
_c23cm.
653 _aBotany
653 _aPlant pathogens, horticulture, Plant pathogens control, control of plant pathpogens
653 _aPG-Botany
942 _2ddc
_cBK
999 _c65089
_d65089